British Sitcom Characters Quiz Stats

 Plays Quiz not verified by Sporcle

Also try: West Wing Episodes
Challenge
Share
Tweet
Embed
Score 0/36 Timer 15:00
0 Plays Today
Sitcom Character % Correct
Fawlty TowersBasil Fawlty
94.2%
Only Fools and HorsesDerek Trotter
90.7%
Only Fools and HorsesRodney Trotter
89.8%
Fawlty TowersManuel
88.9%
Only Fools and HorsesGrandad
85.4%
Blackadder Goes ForthCaptain Edmund Blackadder
85%
Blackadder Goes ForthPrivate Baldrick
84.5%
Fawlty TowersSybil Fawlty
82.3%
Only Fools and HorsesTrigger
82.3%
Only Fools and HorsesUncle Albert
80.1%
Fawlty TowersPolly Sherman
77.4%
Father TedFather Ted Crilly
73.9%
Only Fools and HorsesBoycie
73.5%
Only Fools and HorsesCassandra
71.2%
Fawlty TowersMajor Gowen
68.1%
Only Fools and HorsesRaquel
65.9%
Only Fools and HorsesMarlene
65%
Blackadder Goes ForthCaptain Darling
63.3%
Sitcom Character % Correct
My FamilyBen Harper
61.9%
Father TedFather Dougal McGuire
57.5%
Father TedFather Jack Hackett
57.1%
Only Fools and HorsesMike
56.6%
My FamilySusan Harper
56.2%
Only Fools and HorsesDenzil
52.7%
Father TedMrs Doyle
52.7%
Blackadder Goes ForthGeneral Melchett
51.8%
My FamilyNick Harper
51.3%
My FamilyMichael Harper
49.6%
Only Fools and HorsesMickey Pearce
46.5%
Blackadder Goes ForthLieutenant George
44.7%
My FamilyJaney Harper
38.1%
Fawlty TowersTerry
35.4%
Fawlty TowersMiss Tibbs
34.5%
My FamilyRoger Bailey
29.6%
My FamilyAbi Harper
28.3%
Fawlty TowersMiss Gatsby
23%

You're not logged in!

Compare scores with friends on all Sporcle quizzes.
Join for Free
OR
Log In

You Might Also Like...

Show Comments

Extras

Top Quizzes Today


Score Distribution

Your Account Isn't Verified!

In order to create a playlist on Sporcle, you need to verify the email address you used during registration. Go to your Sporcle Settings to finish the process.

Report this User

Report this user for behavior that violates our Community Guidelines.

Details: